[Event "Mondiale Lampo FIDE 2022"]
[Site "Alma Ata"]
[Date "29.12.2022"]
[Round "10.58"]
[White "Sargsyan, Shant"]
[Black "Zhalmakhanov, Ramazan"]
[Result "1-0"]
[WhiteTitle ""]
[BlackTitle ""]
[WhiteElo "2645"]
[BlackElo "2401"]
[WhiteFideId "13306766"]
[BlackFideId "13706357"]
[EventDate "29.12.2022"]

1. d4 d5 2. c4 e6 3. Nf3 Nf6 4. g3 dxc4 5. Bg2 Bb4+ 6. Bd2 c5 7. O-O O-O 8. dxc5
Bxc5 9. Qc2 Qe7 10. Qxc4 b6 11. Nc3 Bb7 12. Bg5 Nbd7 13. Rad1 h6 14. Bh4 Rfc8
15. Qd3 Rd8 16. Qb1 Rac8 17. h3 Bxf3 18. Bxf6 Nxf6 19. Bxf3 Qc7 20. Kg2 Qe5 21.
e3 h5 22. h4 g6 23. Ne2 Kg7 24. Nf4 Be7 25. b3 Qc3 26. Rc1 Qe5 27. Rxc8 Rxc8 28.
Rd1 Rc7 29. Qd3 Qb2 30. Rd2 Qc3 31. Qe2 Qe5 32. Rc2 Rxc2 33. Qxc2 Qc5 34. Qd3
Bd6 35. Ne2 Be5 36. Qa6 Qc7 37. Qd3 Ng8 38. Nf4 Ne7 39. Qe4 Bxf4 40. exf4 Nf5
41. Qd3 a5 42. Be4 Nd6 43. Qd4+ Kg8 44. Bf3 Nf5 45. Qd3 Qc5 46. Be4 Ne7 47. a3
Kg7 48. a4 Nd5 49. Bf3 Nf6 50. Qd2 Nd5 51. Qb2+ Qc3 52. Qxc3+ Nxc3 53. Bc6 Kf6
54. Kf3 Ke7 55. Ke3 Kd6 56. Be8 Ke7 57. Bc6 Kd6 58. Be8 Ke7 59. Kd3 Nd1 60. Bc6
Nxf2+ 61. Kc4 Kd6 62. Be8 Ke7 63. Bc6 Kd6 64. Bf3 f5 65. Kd4 Nh3 66. Ke3 e5 67.
Bg2 exf4+ 68. gxf4 Ng1 69. Kf2 Kc5 70. Kxg1 Kd4 71. Kf2 Kc3 72. Bd5 Kd4 73. Bf7 1-0

[Event "Mondiale Lampo FIDE 2022"]
[Site "Alma Ata"]
[Date "29.12.2022"]
[Round "10.59"]
[White "Vokhidov, Shamsiddin"]
[Black "Batsuren, Dambasuren"]
[Result "0-1"]
[WhiteTitle ""]
[BlackTitle ""]
[WhiteElo "2579"]
[BlackElo "2525"]
[WhiteFideId "14204223"]
[BlackFideId "4902920"]
[EventDate "29.12.2022"]

1. e4 c6 2. Nc3 d5 3. d4 dxe4 4. Nxe4 Nf6 5. Nxf6+ exf6 6. Be3 Bd6 7. Bd3 O-O 8.
Ne2 Re8 9. O-O Nd7 10. Ng3 Nf8 11. c4 Bc7 12. Qc2 g6 13. Rad1 f5 14. Qc1 Ne6 15.
d5 cxd5 16. cxd5 Nf8 17. Bg5 Qd6 18. Rfe1 Bd7 19. Qc3 Rxe1+ 20. Rxe1 Re8 21. Be7
Qb6 22. Nf1 Bd6 23. Bxd6 Rxe1 24. Bxf8 Rxf1+ 25. Kxf1 Kxf8 26. Qh8+ Ke7 27. Qe5+
Kd8 28. d6 Be6 29. Bb5 Kc8 30. Qc3+ Kb8 31. Qh8+ Bc8 32. Qe5 f6 33. Qd5 Be6 34.
Qxe6 Qxb5+ 35. Kg1 Qc6 36. g3 a6 37. Qe7 Qe4 38. Qc7+ Ka7 39. d7 Qe1+ 40. Kg2
Qe4+ 41. Kf1 Qb1+ 42. Ke2 Qe4+ 43. Kd2 Qd4+ 44. Kc2 Qe4+ 45. Kc3 Qf3+ 46. Kc4
Qe4+ 47. Kc5 Qe7+ 48. Kd5 Qe4+ 49. Kc5 Qe7+ 50. Qd6 Qd8 51. a4 b6+ 52. Kc6 Qa8+
53. Kc7 Qb8+ 54. Kc6 Qb7# 0-1

[Event "Mondiale Lampo FIDE 2022"]
[Site "Alma Ata"]
[Date "29.12.2022"]
[Round "10.60"]
[White "Damjanovic, Vuk"]
[Black "Ghaem Maghami, Ehsan"]
[Result "0-1"]
[WhiteTitle ""]
[BlackTitle ""]
[WhiteElo "2361"]
[BlackElo "2490"]
[WhiteFideId "980021"]
[BlackFideId "12500739"]
[EventDate "29.12.2022"]

1. d4 Nf6 2. Nf3 d5 3. c4 e6 4. Nc3 dxc4 5. e3 a6 6. Bxc4 b5 7. Be2 Bb7 8. O-O
Nbd7 9. b3 Bd6 10. Bb2 O-O 11. a4 c6 12. h3 Qe7 13. Nd2 Bb4 14. Bf3 Nd5 15. Nxd5
cxd5 16. axb5 axb5 17. Be2 Rxa1 18. Bxa1 Bc6 19. Qc2 Nb8 20. Bb2 Qb7 21. Rc1 Rc8
22. Nf3 Bd7 23. Qb1 Rxc1+ 24. Qxc1 Bd6 25. Ne1 b4 26. Qc2 g6 27. Nd3 Bb5 28. Nc1
Nc6 29. Bxb5 Qxb5 30. Qd3 Qb7 31. Kf1 Be7 32. Ke1 Na5 33. Kd1 Kg7 34. Ke2 Qc6
35. Kd1 Qc7 36. g3 Qc6 37. Ke2 Nb7 38. Kd1 Nd6 39. Qc2 Qb7 40. Nd3 Ne4 41. Ke2
h5 42. h4 Qa6 43. Kf3 Bd6 44. Kg2 Qb5 45. Kf3 Qb8 46. Nf4 Bxf4 47. exf4 Qb5 48.
Kg2 Nd6 49. Qc5 Qb8 50. f3 Nf5 51. Bc1 Qa8 52. Qxb4 Qa2+ 53. Qd2 Qxb3 54. Bb2
Ne3+ 55. Kh3 Nc4 0-1

[Event "Mondiale Lampo FIDE 2022"]
[Site "Alma Ata"]
[Date "29.12.2022"]
[Round "10.61"]
[White "Lintchevski, Daniil"]
[Black "Suleymenov, Alisher"]
[Result "0-1"]
[WhiteTitle ""]
[BlackTitle ""]
[WhiteElo "2548"]
[BlackElo "2476"]
[WhiteFideId "4171055"]
[BlackFideId "13707833"]
[EventDate "29.12.2022"]

1. e4 c5 2. Nf3 d6 3. d4 cxd4 4. Nxd4 Nf6 5. Nc3 a6 6. g3 e5 7. Nb3 Be7 8. Bg2
O-O 9. O-O b5 10. Be3 Bb7 11. a4 b4 12. Nd5 Nxd5 13. exd5 a5 14. Re1 Nd7 15. c3
bxc3 16. bxc3 Bg5 17. c4 Bxe3 18. Rxe3 f5 19. c5 dxc5 20. d6 e4 21. Rc3 Rc8 22.
Qc2 Qb6 23. Rb1 Qxd6 24. Nxa5 Ba6 25. Nc4 Bxc4 26. Rxc4 Ne5 27. Rd1 Qb6 28. Rb1
Qa7 29. Rc3 h6 30. Rb5 Nd3 31. Bf1 c4 32. Rb1 Qd4 33. Qd2 f4 34. Bxd3 exd3 35.
Rbc1 fxg3 36. hxg3 Rf3 37. a5 Rxg3+ 38. Kf1 Rh3 0-1

[Event "Mondiale Lampo FIDE 2022"]
[Site "Alma Ata"]
[Date "29.12.2022"]
[Round "10.62"]
[White "Sankalp, Gupta"]
[Black "Aravindh, Chithambaram VR."]
[Result "0-1"]
[WhiteTitle ""]
[BlackTitle ""]
[WhiteElo "2485"]
[BlackElo "2607"]
[WhiteFideId "5097010"]
[BlackFideId "5072786"]
[EventDate "29.12.2022"]

1. e4 c5 2. Nf3 g6 3. d4 cxd4 4. Nxd4 Nc6 5. c4 Nf6 6. Nc3 Nxd4 7. Qxd4 d6 8.
Be3 Bg7 9. h3 O-O 10. Qd2 a5 11. Be2 a4 12. Rb1 Bd7 13. O-O Bc6 14. Qc2 Qa5 15.
b4 axb3 16. axb3 Rfc8 17. Rfd1 Qb4 18. Bd4 Ra3 19. f3 Nd7 20. Bxg7 Kxg7 21. Na2
Qa5 22. Nc3 Nf6 23. b4 Qa7+ 24. Kh2 Qf2 25. Rd2 h5 26. Qb2 Rca8 27. Rf1 Qe3 28.
Rd3 Qf4+ 29. g3 Qe5 30. f4 Qe6 31. b5 Bxe4 32. Re3 Kg8 33. Bd3 d5 34. cxd5 Qb6
35. Rxe4 Nxe4 36. Bxe4 Qd4 37. Rc1 Ra2 38. Qxa2 Rxa2+ 39. Nxa2 Qxe4 40. Rg1 Qxd5
41. Rg2 Qxb5 42. Nc3 Qd3 43. Na4 Qd4 44. Nb2 h4 45. gxh4 Qxf4+ 0-1

[Event "Mondiale Lampo FIDE 2022"]
[Site "Alma Ata"]
[Date "29.12.2022"]
[Round "10.63"]
[White "Munkhgal, Gombosuren"]
[Black "Gurel, Ediz"]
[Result "1-0"]
[WhiteTitle ""]
[BlackTitle ""]
[WhiteElo "2463"]
[BlackElo "2454"]
[WhiteFideId "4901266"]
[BlackFideId "44507356"]
[EventDate "29.12.2022"]

1. d4 Nf6 2. Bf4 e6 3. e3 c5 4. Nf3 Nc6 5. c3 d5 6. Nbd2 Bd6 7. Bg3 O-O 8. Bd3
Re8 9. Ne5 Bxe5 10. dxe5 Nd7 11. Nf3 h6 12. O-O Qc7 13. e4 d4 14. cxd4 cxd4 15.
Rc1 Qa5 16. a3 Qb6 17. b4 a5 18. b5 Ne7 19. Qc2 a4 20. Qc7 Ng6 21. h4 Qa7 22. h5
Ngf8 23. Rfd1 Nb6 24. Qd6 Bd7 25. Qxd4 Red8 26. Bh4 Rdc8 27. Be7 Be8 28. Bf1
Nfd7 29. Bd6 Qa5 30. Nh2 Rxc1 31. Rxc1 Rc8 32. Rc7 Qe1 33. Nf3 Qb1 34. Rxc8 Nxc8
35. Qxa4 Qb2 36. Qb4 Qc2 37. a4 Qd1 38. a5 Kh7 39. a6 bxa6 40. bxa6 Ndb6 41. Bc5
Nd7 42. Be3 Qa1 43. Qd4 Qb1 44. a7 Qa2 45. Qd2 Qa4 46. Qd4 Qa2 47. g4 Ncb6 48.
Qd6 Qxa7 49. Qe7 Qb8 50. g5 Nc4 51. Bf4 Ndb6 52. gxh6 1-0

[Event "Mondiale Lampo FIDE 2022"]
[Site "Alma Ata"]
[Date "29.12.2022"]
[Round "10.64"]
[White "Sjugirov, Sanan"]
[Black "Fedorov, Alexei"]
[Result "1-0"]
[WhiteTitle ""]
[BlackTitle ""]
[WhiteElo "2712"]
[BlackElo "2475"]
[WhiteFideId "4189302"]
[BlackFideId "13500465"]
[EventDate "29.12.2022"]

1. d4 c5 2. d5 d6 3. e4 Nf6 4. Nc3 g6 5. Nf3 Bg7 6. a4 O-O 7. Bc4 Bg4 8. h3 Bxf3
9. Qxf3 Nbd7 10. Be2 a6 11. O-O Rb8 12. a5 Ne8 13. h4 Nc7 14. h5 b5 15. axb6
Rxb6 16. Nd1 e6 17. h6 Bh8 18. Ne3 exd5 19. exd5 f5 20. c3 Ne5 21. Qh3 Re8 22.
Nc4 Nxc4 23. Bxc4 Bf6 24. Qg3 Be5 25. Qd3 Qh4 26. g3 Qh3 27. Re1 Rbb8 28. Qf1
Qxf1+ 29. Kxf1 Kf8 30. Ra2 Rb6 31. Be3 Re7 32. Rc1 Ke8 33. b4 1-0

[Event "Mondiale Lampo FIDE 2022"]
[Site "Alma Ata"]
[Date "29.12.2022"]
[Round "10.65"]
[White "Cheng, Bobby"]
[Black "Adly, Ahmed"]
[Result "1-0"]
[WhiteTitle ""]
[BlackTitle ""]
[WhiteElo "2583"]
[BlackElo "2596"]
[WhiteFideId "4300033"]
[BlackFideId "10601619"]
[EventDate "29.12.2022"]

1. d4 Nf6 2. c4 e6 3. g3 d5 4. Bg2 dxc4 5. Nf3 Nbd7 6. O-O a6 7. a4 Ra7 8. Qc2
b6 9. Qxc4 Bb7 10. Rd1 Be7 11. Nc3 O-O 12. Ne5 Bxg2 13. Kxg2 Qa8+ 14. Qc6 Nxe5
15. Qxa8 Rfxa8 16. dxe5 Ne8 17. Be3 Rb7 18. Ne4 Kf8 19. f4 Rd8 20. Kf3 Rbb8 21.
g4 g6 22. g5 Rxd1 23. Rxd1 Rd8 24. Rc1 Rd5 25. Nf6 Nxf6 26. gxf6 Bd8 27. Ke4 Ke8
28. h4 h5 29. Kf3 Kd7 30. Bf2 c5 31. a5 Kc6 32. axb6 Bxb6 33. b4 a5 34. bxc5 Ba7
35. Ra1 Kb5 36. Rb1+ Kc6 37. Ra1 Kb5 38. e4 Rd3+ 39. Ke2 Rb3 40. f5 Rb2+ 41. Kf3
Rb3+ 42. Kg2 Rb2 43. Kg1 Rxf2 44. Kxf2 Bxc5+ 45. Ke2 gxf5 46. exf5 exf5 47. Kd3
f4 48. Ke4 a4 49. Kxf4 a3 50. Kg5 Kb4 51. Kxh5 Bf8 52. Kg5 Kc3 53. h5 Bc5 54. h6
Be3+ 55. Kh5 Bxh6 56. Kxh6 Kb2 57. Rxa3 Kxa3 58. Kg7 1-0

[Event "Mondiale Lampo FIDE 2022"]
[Site "Alma Ata"]
[Date "29.12.2022"]
[Round "10.66"]
[White "Narayanan, Srinath"]
[Black "Yakubboev, Nodirbek"]
[Result "1/2-1/2"]
[WhiteTitle ""]
[BlackTitle ""]
[WhiteElo "2559"]
[BlackElo "2647"]
[WhiteFideId "5018420"]
[BlackFideId "14203987"]
[EventDate "29.12.2022"]

1. d4 Nf6 2. Nf3 g6 3. c4 Bg7 4. g3 O-O 5. Bg2 d6 6. Nc3 Nc6 7. O-O e5 8. dxe5
dxe5 9. Qxd8 Rxd8 10. Bg5 Be6 11. Nd2 h6 12. Bxf6 Bxf6 13. Nd5 Bxd5 14. cxd5 Nb4
15. Ne4 Nxd5 16. Nc5 Rab8 17. Rfd1 c6 18. Bh3 Nb6 19. Rxd8+ Bxd8 20. Nd7 Nxd7
21. Bxd7 Bb6 22. e3 Rd8 23. Rd1 h5 24. Kf1 Kf8 25. Ke2 Ke7 26. Bh3 e4 27. Rxd8
Bxd8 28. Bg2 f5 29. h4 Kd6 30. Kd1 b5 31. Bf1 a5 32. b3 Kc5 33. Kc2 Kb4 34. Be2
Bc7 35. Bf1 Ka3 36. Kb1 Be5 37. Bg2 Kb4 38. Kc2 Ka3 39. Kb1 a4 40. bxa4 Kxa4 41.
f3 exf3 42. Bxf3 Bxg3 43. Bxc6 Bxh4 44. Be8 g5 45. Bxh5 g4 46. Be8 Kb4 47. Kc2
Kc5 48. Bh5 Bg5 49. Kd3 g3 50. Bf3 Bf6 51. Bb7 Kb4 52. Bc6 Ka3 53. Ke2 b4 54.
Bd5 Kb2 55. Kf3 Be5 56. Be6 Ka1 57. Bd5 Kb1 58. Be6 Kb2 59. Bd5 Kc3 60. Be6 f4
61. exf4 Bxf4 62. Kg2 Kb2 63. Bb3 Be5 64. Bd5 1/2-1/2

[Event "Mondiale Lampo FIDE 2022"]
[Site "Alma Ata"]
[Date "29.12.2022"]
[Round "10.67"]
[White "Petkov, Momchil"]
[Black "Saraci, Nderim"]
[Result "0-1"]
[WhiteTitle ""]
[BlackTitle ""]
[WhiteElo "2531"]
[BlackElo "2468"]
[WhiteFideId "2921642"]
[BlackFideId "6351921"]
[EventDate "29.12.2022"]

1. d4 Nf6 2. Nf3 g6 3. c4 Bg7 4. Nc3 O-O 5. e4 d6 6. h3 c5 7. Be2 Nc6 8. d5 Na5
9. O-O a6 10. a4 Rb8 11. Bf4 Nd7 12. Re1 Qb6 13. Ra2 Qb3 14. Nd2 Qxd1 15. Nxd1
Ne5 16. Bg5 f6 17. Be3 f5 18. f4 Nf7 19. exf5 Bxf5 20. g4 Bd7 21. Nc3 e6 22. Bf3
Rbe8 23. dxe6 Bxe6 24. Nd5 Bxd5 25. Bxd5 Kh8 26. Kg2 Nd8 27. b3 Ne6 28. Nf3 Nxb3
29. Rae2 Nxf4+ 30. Bxf4 Rxe2+ 31. Rxe2 Rxf4 32. Ng5 Be5 33. Nf7+ Kg7 34. Nxe5
dxe5 35. Rxe5 Nd2 36. g5 Nxc4 37. Re7+ Kf8 38. Rxb7 Ne3+ 39. Kg3 Nxd5 40. Rxh7
Rxa4 41. h4 Ne7 42. Rh8+ Kg7 43. Re8 Nf5+ 44. Kf2 Rxh4 45. Rc8 Rg4 46. Rc7+ Kf8
47. Rxc5 Rxg5 48. Ra5 Kg7 49. Rxa6 Rg4 50. Ra1 Rb4 51. Kf3 Kf6 52. Rc1 Nh4+ 53.
Ke3 g5 54. Rc5 Nf5+ 55. Kf3 g4+ 56. Ke2 Rb2+ 57. Kf1 g3 58. Rc3 Ke5 59. Kg1 Kf4
60. Ra3 Kg4 61. Ra8 Rb1+ 0-1

[Event "Mondiale Lampo FIDE 2022"]
[Site "Alma Ata"]
[Date "29.12.2022"]
[Round "10.68"]
[White "Harsha, Bharathakoti"]
[Black "Kostenko, Petr"]
[Result "1-0"]
[WhiteTitle ""]
[BlackTitle ""]
[WhiteElo "2593"]
[BlackElo "2374"]
[WhiteFideId "5078776"]
[BlackFideId "13700669"]
[EventDate "29.12.2022"]

1. f4 d5 2. Nf3 g6 3. g3 Bg7 4. Bg2 Nf6 5. O-O O-O 6. d3 c6 7. Qe1 Qb6+ 8. e3
Nbd7 9. Nc3 Ne8 10. Kh1 e5 11. e4 dxe4 12. dxe4 Nd6 13. f5 gxf5 14. Nh4 fxe4 15.
Nxe4 Nxe4 16. Bxe4 Nc5 17. Be3 a5 18. Bf5 Qb5 19. c4 Qxc4 20. Bxc8 Nd3 21. Qe2
Raxc8 22. Nf5 Rcd8 23. Qh5 Qe4+ 24. Kg1 Rd6 25. Nxd6 Qxe3+ 26. Kh1 Nf2+ 27. Kg2
Ne4 28. Nf5 Qd2+ 29. Kg1 1-0

[Event "Mondiale Lampo FIDE 2022"]
[Site "Alma Ata"]
[Date "29.12.2022"]
[Round "10.69"]
[White "Zverev, Lev"]
[Black "Bologan, Victor"]
[Result "1-0"]
[WhiteTitle ""]
[BlackTitle ""]
[WhiteElo "2310"]
[BlackElo "2574"]
[WhiteFideId "24250775"]
[BlackFideId "13900048"]
[EventDate "29.12.2022"]

1. e4 g6 2. d4 Bg7 3. Nc3 c6 4. Be3 Qb6 5. a3 Nf6 6. Bd3 d5 7. exd5 cxd5 8. h3
Bf5 9. Nge2 Bxd3 10. Qxd3 O-O 11. O-O Nc6 12. b4 e6 13. Na4 Qc7 14. Bf4 Qe7 15.
c3 b6 16. Rfe1 Rac8 17. Rac1 Rfd8 18. Nb2 Qd7 19. Qf3 Ne4 20. Ng3 f5 21. Qe2 a5
22. Nxe4 dxe4 23. Nc4 Qa7 24. Nd6 Ra8 25. Qc4 Rxd6 26. Bxd6 Qd7 27. Bf4 h6 28.
h4 Kh7 29. Rcd1 Ne7 30. Be5 Nd5 31. Qb3 a4 32. Qc2 b5 33. c4 bxc4 34. Qxc4 Rc8
35. Qa6 Rc3 36. Rc1 Rxa3 37. Rc5 Nxb4 38. Qa5 Nd5 39. Rec1 Nf6 40. Bxf6 1-0

[Event "Mondiale Lampo FIDE 2022"]
[Site "Alma Ata"]
[Date "29.12.2022"]
[Round "10.70"]
[White "Burmakin, Vladimir"]
[Black "Degenbaev, Aziz"]
[Result "1-0"]
[WhiteTitle ""]
[WhiteElo "2498"]
[BlackElo "2139"]
[WhiteFideId "4105109"]
[BlackFideId "13802640"]
[EventDate "29.12.2022"]

1. Nf3 d5 2. g3 Nf6 3. Bg2 Nc6 4. d4 b5 5. Ne5 Bb7 6. Nxc6 Bxc6 7. Nd2 e6 8. O-O
Bd6 9. c4 O-O 10. cxd5 exd5 11. Nb3 Bd7 12. Bd2 Re8 13. Rc1 Ne4 14. Ba5 Rc8 15.
Nc5 Bf5 16. Nb7 Qd7 17. Nxd6 Qxd6 18. a3 c6 19. Bd2 Qe6 20. Re1 Bh3 21. Bh1 Qf6
22. Be3 Nd6 23. Rc3 Nf5 24. Qd2 Re6 25. f3 Rce8 26. Bf2 Qg6 27. e4 dxe4 28. fxe4
Nd6 29. Rxc6 Nc4 30. Rxe6 Qxe6 31. Qc3 h6 32. e5 Qg6 33. a4 a6 34. axb5 axb5 35.
d5 Qf5 36. Be4 Qg5 37. Bd4 Kh8 38. Bf3 Qf5 39. b3 Nxe5 40. Bxe5 f6 41. Be4 Qxe5
42. Qxe5 Rxe5 43. Kf2 Re7 44. b4 Rc7 45. Bd3 Rd7 46. Re8# 1-0

[Event "Mondiale Lampo FIDE 2022"]
[Site "Alma Ata"]
[Date "29.12.2022"]
[Round "10.71"]
[White "Vetokhin, Savva"]
[Black "Puranik, Abhimanyu"]
[Result "1/2-1/2"]
[WhiteTitle ""]
[BlackTitle ""]
[WhiteElo "2354"]
[BlackElo "2616"]
[WhiteFideId "44144474"]
[BlackFideId "5061245"]
[EventDate "29.12.2022"]

1. Nf3 Nf6 2. g3 g6 3. Bg2 Bg7 4. d4 d6 5. c4 O-O 6. Nc3 Nc6 7. d5 Na5 8. b3 c5
9. Bb2 a6 10. O-O Rb8 11. Qc2 b5 12. Nd2 Bd7 13. Rab1 e6 14. dxe6 Bxe6 15. Nd5
Bxd5 16. cxd5 Re8 17. e4 Nd7 18. f4 Bxb2 19. Qxb2 b4 20. Qc2 c4 21. Nxc4 Rc8 22.
Rfe1 Nxc4 23. bxc4 a5 24. Bh3 Rc7 25. Bxd7 Qxd7 26. Qd3 Qa4 27. e5 dxe5 28. fxe5
Qxa2 29. Rbc1 Qb2 30. d6 Rc5 31. d7 Rd8 32. e6 fxe6 33. Qd6 Rf5 34. Qxe6+ Kh8
35. Qe8+ Rf8 36. Qe5+ Qxe5 37. Rxe5 Rxd7 38. Rxa5 Rd2 39. Rd5 Ra2 40. c5 b3 41.
c6 Rc8 42. Rb5 b2 43. Rb1 Rxc6 44. R5xb2 1/2-1/2

[Event "Mondiale Lampo FIDE 2022"]
[Site "Alma Ata"]
[Date "29.12.2022"]
[Round "10.72"]
[White "Makhnev, Denis"]
[Black "Mamedov, Edgar"]
[Result "1-0"]
[WhiteTitle ""]
[BlackTitle ""]
[WhiteElo "2481"]
[BlackElo "2283"]
[WhiteFideId "13707647"]
[BlackFideId "13739980"]
[EventDate "29.12.2022"]

1. d4 d5 2. c4 c6 3. Nf3 Nf6 4. Nc3 e6 5. Bg5 Nbd7 6. e3 Qa5 7. Nd2 Bb4 8. Qc2
O-O 9. Be2 dxc4 10. Bxf6 Nxf6 11. Nxc4 Qd5 12. O-O Bxc3 13. bxc3 c5 14. Ne5 cxd4
15. cxd4 Qd6 16. Bf3 Rb8 17. Rab1 b6 18. Rfc1 Bb7 19. Qc7 Qxc7 20. Rxc7 Bxf3 21.
gxf3 Nd5 22. Rxa7 Ra8 23. Rxa8 Rxa8 24. Rb2 f6 25. Nc4 b5 26. Rxb5 Rxa2 27. Nd6
Ra8 28. Rb7 h5 29. f4 g5 30. fxg5 fxg5 31. Ne4 g4 32. Kg2 Ra1 33. Ng5 h4 34. h3
g3 35. Rb2 gxf2 36. Kxf2 Rh1 37. Kf3 Rg1 38. Rb8+ Kg7 39. Nxe6+ Kf7 40. Nd8+ Kf6
41. e4 Rg3+ 42. Kf2 Nf4 43. e5+ Kf5 44. Rb6 Nxh3+ 45. Ke1 Nf4 46. Rf6+ Ke4 47.
e6 h3 48. e7 Re3+ 49. Kd2 Kf3 50. Ne6 Re2+ 51. Kc3 h2 52. Rxf4+ Ke3 53. e8=Q
h1=Q 54. Nc5+ Kxf4 55. Qxe2 Qc1+ 56. Kd3 Qb1+ 57. Kc4 Qc1+ 58. Kd5 Kg5 59. Qd2+ 1-0

[Event "Mondiale Lampo FIDE 2022"]
[Site "Alma Ata"]
[Date "29.12.2022"]
[Round "10.73"]
[White "Aleksandrov, Aleksej"]
[Black "Svane, Rasmus"]
[Result "1-0"]
[WhiteTitle ""]
[BlackTitle ""]
[WhiteElo "2495"]
[BlackElo "2622"]
[WhiteFideId "13500139"]
[BlackFideId "4657101"]
[EventDate "29.12.2022"]

1. Nf3 d5 2. e3 Nf6 3. c4 e6 4. b3 c5 5. Bb2 Nc6 6. cxd5 exd5 7. Be2 Bd6 8. O-O
O-O 9. d4 Re8 10. dxc5 Bxc5 11. Nc3 Bg4 12. Rc1 Bd6 13. Nb5 Be7 14. Ne5 Bd7 15.
Nxd7 Qxd7 16. Nd4 a6 17. Qd3 Nb4 18. Qb1 Ne4 19. Rfd1 Bd6 20. g3 Nc6 21. Bf3
Rac8 22. Nxc6 bxc6 23. Qd3 a5 24. Qa6 h5 25. Bxe4 Rxe4 26. Rxd5 Qe6 27. Rxd6 Qf5
28. Rdxc6 Rce8 29. Rc8 h4 30. Rxe8+ Rxe8 31. Qe2 h3 32. Bd4 Qd5 33. Qf1 Qf5 34.
Rc5 Qg4 35. f3 Qe6 36. Re5 Qd7 37. Rxe8+ Qxe8 38. Qxh3 Qc6 39. Qf1 Qc2 40. Qf2
Qb1+ 41. Kg2 Qf5 42. h4 1-0

[Event "Mondiale Lampo FIDE 2022"]
[Site "Alma Ata"]
[Date "29.12.2022"]
[Round "10.74"]
[White "Uruci, Endrit"]
[Black "Gareyev, Timur"]
[Result "0-1"]
[WhiteTitle ""]
[BlackTitle ""]
[WhiteElo "2297"]
[BlackElo "2602"]
[WhiteFideId "22100199"]
[BlackFideId "14200937"]
[EventDate "29.12.2022"]

1. e4 g6 2. d4 d6 3. Nc3 a6 4. Be3 Nd7 5. Qd2 b5 6. h4 Ngf6 7. f3 Nb6 8. Bd3 Rb8
9. Nge2 h5 10. d5 Bg7 11. Nd4 Bd7 12. Nce2 Qc8 13. Nf4 c5 14. dxc6 Bxc6 15. Nxc6
Qxc6 16. O-O-O Na4 17. c3 b4 18. c4 b3 19. a3 Nd7 20. Nd5 Nxb2 21. Bg5 Ne5 22.
Be2 Nexc4 23. Bxc4 Nxc4 24. Nxe7 b2+ 25. Kc2 Qa4+ 26. Kd3 Qxa3+ 27. Ke2 Nxd2 0-1

[Event "Mondiale Lampo FIDE 2022"]
[Site "Alma Ata"]
[Date "29.12.2022"]
[Round "10.75"]
[White "Khripachenko, Alexander"]
[Black "Urazayev, Arystanbek"]
[Result "1/2-1/2"]
[WhiteTitle ""]
[BlackTitle ""]
[WhiteElo "2219"]
[BlackElo "2465"]
[WhiteFideId "54184975"]
[BlackFideId "13709810"]
[EventDate "29.12.2022"]

1. e4 c5 2. Nf3 e6 3. d4 cxd4 4. Nxd4 Nf6 5. Nc3 Nc6 6. Ndb5 Bc5 7. Bf4 O-O 8.
Bc7 Qe7 9. Bd6 Bxd6 10. Qxd6 Qd8 11. O-O-O a6 12. Nd4 Ne7 13. h4 b5 14. h5 Ne8
15. Qg3 h6 16. Bd3 b4 17. Nce2 Qa5 18. Kb1 Bb7 19. Qe3 Qc7 20. g4 f6 21. f4 e5
22. Nf5 Nxf5 23. gxf5 d5 24. Rhg1 dxe4 25. Bxe4 Bxe4 26. Qxe4 Rc8 27. c3 a5 28.
cxb4 axb4 29. Rc1 Qb8 30. Rxc8 Qxc8 31. fxe5 fxe5 32. Ng3 Qc5 33. Re1 Nf6 34.
Qxe5 Qf2 35. Qe3 Qg2 36. Rg1 Qd5 37. Qe6+ Kh7 38. Qxd5 Nxd5 39. Rd1 Ne3 40. Rd3
Nxf5 41. Rf3 g6 42. a4 bxa3 43. hxg6+ Kxg6 44. bxa3 Rb8+ 45. Kc1 Nh4 46. Rc3 Kg5
47. Kc2 Kg4 48. Ne4 Nf5 49. a4 Kf4 50. Nc5 Ne3+ 51. Kd3 Kf3 52. Kd2 Rb2+ 53. Kd3
Nd5 54. Ra3 Nf4+ 55. Kc4+ Kg4 56. a5 Rc2+ 57. Kb5 Nd5 58. a6 Nc7+ 59. Kb6 Nxa6
60. Rxa6 1/2-1/2

[Event "Mondiale Lampo FIDE 2022"]
[Site "Alma Ata"]
[Date "29.12.2022"]
[Round "10.76"]
[White "Arjun, Kalyan"]
[Black "Begmuratov, Khumoyun"]
[Result "1-0"]
[WhiteTitle ""]
[BlackTitle ""]
[WhiteElo "2505"]
[BlackElo "2399"]
[WhiteFideId "35018701"]
[BlackFideId "14210207"]
[EventDate "29.12.2022"]

1. e4 e5 2. Nf3 Nc6 3. Bc4 Nf6 4. d3 h6 5. c3 d6 6. O-O g6 7. d4 Qe7 8. Re1 Bg7
9. Nbd2 O-O 10. h3 a6 11. Nf1 b5 12. Bb3 Bb7 13. Ng3 Na5 14. Bc2 c5 15. d5 Nc4
16. b3 Nb6 17. Be3 Nfd7 18. a4 bxa4 19. bxa4 Nc4 20. Bc1 a5 21. Bd3 Ncb6 22. c4
Ba6 23. Qc2 Qd8 24. Rb1 Qc7 25. Bd2 Qa7 26. Rb2 Rfb8 27. Reb1 Nc8 28. Rxb8 Rxb8
29. Rc1 Qc7 30. Bc3 Ra8 31. Nd2 Bb7 32. Nb3 h5 33. Qd2 Ba6 34. Nxa5 Ncb6 35. Qa2
Bc8 36. Bc2 h4 37. Nf1 Nb8 38. Rb1 Na6 39. Nc6 Bd7 40. Ba5 Nb4 41. Bxb4 cxb4 42.
a5 Nc8 43. Qa4 Bxc6 44. Qxc6 Qxa5 45. Ne3 Bf8 46. Qb7 Qa7 47. Qxa7 Rxa7 48. Rxb4
Rc7 49. Ba4 Bh6 50. Ng4 Bd2 51. Rb8 Kg7 52. Bb5 Na7 53. Ba6 Bb4 54. Rxb4 1-0

[Event "Mondiale Lampo FIDE 2022"]
[Site "Alma Ata"]
[Date "29.12.2022"]
[Round "10.77"]
[White "Suyarov, Mukhammadzokhid"]
[Black "Harutyunyan, Tigran K."]
[Result "1-0"]
[WhiteTitle ""]
[BlackTitle ""]
[WhiteElo "2299"]
[BlackElo "2511"]
[WhiteFideId "14210495"]
[BlackFideId "13303635"]
[EventDate "29.12.2022"]

1. d4 Nf6 2. Nc3 d5 3. Bf4 a6 4. e3 Bf5 5. f3 h5 6. Bd3 Bxd3 7. cxd3 e6 8. Nge2
Bd6 9. Bxd6 Qxd6 10. e4 Qb4 11. Qd2 c6 12. O-O-O Nbd7 13. Kb1 O-O-O 14. Rc1 Kb8
15. Rhd1 h4 16. Rc2 Ka8 17. Rdc1 e5 18. dxe5 Nxe5 19. a3 Qa5 20. Qg5 d4 21. Na2
Qb5 22. a4 Qxd3 23. Qxe5 Qe3 24. Qf4 Qb3 25. Rd2 Qxa4 26. Qe5 Rh5 27. Qe7 Qa5
28. b4 Qb6 29. Qxf7 Rg5 30. Nf4 a5 31. Ne6 Rd7 32. Qf8+ Ka7 33. Nxg5 d3 34. Qc5 1-0

[Event "Mondiale Lampo FIDE 2022"]
[Site "Alma Ata"]
[Date "29.12.2022"]
[Round "10.78"]
[White "Utegaliyev, Azamat"]
[Black "Shishkov, Andrei"]
[Result "1-0"]
[BlackTitle ""]
[WhiteElo "2445"]
[BlackElo "2340"]
[WhiteFideId "13702467"]
[BlackFideId "4500563"]
[EventDate "29.12.2022"]

1. a3 d5 2. Nf3 Nf6 3. b4 a5 4. b5 g6 5. Bb2 Bg7 6. e3 O-O 7. c4 c5 8. cxd5 Nxd5
9. Bxg7 Kxg7 10. Qc2 b6 11. Nc3 Bb7 12. h4 h5 13. Bc4 Nf6 14. Ng5 Qd7 15. f3 Qf5
16. Qb3 a4 17. Qa2 Nbd7 18. Bxf7 Kh6 19. Be6 Qe5 20. f4 Qd6 21. Nf7+ Rxf7 22.
Bxf7 Ng4 23. Qe6 Bxg2 24. Rg1 Bf3 25. Qxd6 exd6 26. Bd5 Bxd5 27. Nxd5 Re8 28.
Ke2 Ngf6 29. Nxf6 Nxf6 30. Rg5 Re6 31. f5 gxf5 32. Rxf5 Ng4 33. Raf1 Rg6 34. Rf8
Kg7 35. R1f7+ 1-0